00893nam a22002417a 4500003000500000005001700005008004100022010001000063011001000073035001100083040000900094100002700103245021000130260004100340300003800381502009300419650002100512650001900533650001500552650002600567650003100593650002700624CHAP20220329143458.0100107s2009 mx a r 00010 spa d a97265 a98237 a108921 cCHAP1 aFigueroa Castro, Pedro10aFluctuación poblacional y trampeo de Scyphophorus acupunctatus gyllenhal (coleoptera: curculionidae) con feromona de agregación en plantaciones de agave tequilero en Jaliscoc/por Pedro Figueroa Castro aChapingo, Méx. :bEl autor,c2009. a63 h. :bilus., gráfs., cuadros aTesis (M.C. en Protección Vegetal) -- UACH. Departamento de Parasitología Agrícola14aAgave tequilana.14aColeópteros.14aFeromonas.14aPoblaciones animales.14aScyphophorus acupunctatus.14aTrampas para insectos.